000 00478pab a2200169 454500
008 180718b1993 xxu||||| |||| 00| 0 eng d
100 _aAparna, S.
245 _aSystem of land tenure in Nagaland
_ba case study of Kohima and Mokokchung district
260 _c1993
300 _ap.125-32
362 _aApr-Jun
650 _aAgriculture - India - Nagaland
650 _aLand tenure - India - Nagaland
700 _aBansal, Rajiv
773 _aAdministrator
909 _a26151
999 _c26151
_d26151